| 000 | 00582nam a22001937a 4500 | ||
|---|---|---|---|
| 003 | OSt | ||
| 005 | 20250826022407.0 | ||
| 008 | 250826b |||||||| |||| 00| 0 eng d | ||
| 020 | _a0-534-61972-x | ||
| 040 | _cOC | ||
| 082 | _aCirc. 174.4 Sh537 2005 | ||
| 100 | _aShaw, W. | ||
| 245 | _aBusiness ethics, 5th ed. | ||
| 260 |
_aAustralia : _bWadsworth Thomson, _cc2005 |
||
| 300 |
_axii, 420pages : _c23 cm. |
||
| 504 | _aIncludes index | ||
| 650 | _2Business ethics. | ||
| 942 |
_2ddc _cBK-CIRC _e5th edition _hCirc. 174.4 Sh537 2005 _kCirc. _n0 |
||
| 999 |
_c4234 _d4234 |
||